Freud, a life for our time /
সংরক্ষণ করুন:
| প্রধান লেখক: | |
|---|---|
| বিন্যাস: | অজ্ঞাত |
| ভাষা: | English |
| প্রকাশিত: |
New York :
W.W. Norton,
1988.
|
| বিষয়গুলি: | |
| ট্যাগগুলো: |
ট্যাগ যুক্ত করুন
কোনো ট্যাগ নেই, প্রথমজন হিসাবে ট্যাগ করুন!
|
MARC
| LEADER | 000000000a22000000004500 | ||
|---|---|---|---|
| 001 | 011662 | ||
| 020 | |a 0393025179 | ||
| 041 | 0 | |a eng | |
| 082 | 0 | 4 | |a 150.195.2B |b F8897g |
| 100 | 1 | |a Gay, Peter, |d 1923- | |
| 245 | 1 | 0 | |a Freud, a life for our time / |c Peter Gay. |
| 260 | 1 | |a New York : |b W.W. Norton, |c 1988. | |
| 300 | |a 810 páginas : |b retratos | ||
| 650 | 4 | |a FREUD, SIGMUND, 1856-1939 | |
| 650 | 4 | |a PSICOANALISTAS | |
| 650 | 4 | |a AUSTRIA | |
| 650 | 4 | |a BIOGRAFIAS | |
| 650 | 4 | |a HISTORIA | |
| 500 | |a Colección George Yúdice | ||
| 999 | |c 17697 |d 17697 | ||
| 942 | |c BK |h 150.195.2B F8897g |2 z | ||



